| 000 | 00363nam a2200145Ia 4500 | ||
|---|---|---|---|
| 008 | 150301s2014 xx 000 0 und d | ||
| 082 |
_a610.7367 _bM14B |
||
| 100 | _aBLACK, JOYEE M. | ||
| 245 | _aMEDICAL SURGICAL NURSING SPECIALITIES | ||
| 250 | _a8TH | ||
| 260 |
_bELSEVER _c2014 |
||
| 300 | _a1178 | ||
| 650 | _aMEDICAL SURGICAL NURSING | ||
| 942 |
_2ddc _cBK _014 |
||
| 999 |
_c6845 _d6845 |
||